[Event "Quenza op 12th"]
[Site "Quenza"]
[Date "2023.07.23"]
[Round "6"]
[White "Lauron, Wesley"]
[Black "Kuzmicz, Krystian"]
[Result "0-1"]
[WhiteElo "1832"]
[BlackElo "2466"]
[PlyCount "56"]
[EventDate "2023.07.23"]
[EventType "swiss"]
[EventRounds "9"]
[EventCountry "FRA"]
[SourceTitle "CBM 215 Extra"]
[Source "ChessBase"]
[SourceDate "2023.09.30"]
[SourceVersion "1"]
[SourceVersionDate "2023.09.30"]
[SourceQuality "1"]

1. d4 g6 2. e4 Bg7 3. Nc3 c6 4. Bc4 d5 5. exd5 b5 6. Be2 b4 7. Nb1 cxd5 8. Nf3 Nf6 9. Bf4 0-0 10. Nbd2 Nc6 11. c3 bxc3 12. bxc3 Qa5 13. 0-0 Bf5 14. c4 Ne4 15. Nb3 Qd8 16. Rc1 Nb4 17. a3 Na2 18. Ra1 Nac3 19. Qe1 Nxe2+ 20. Qxe2 dxc4 21. Qxc4 Rc8 22. Qa4 Qd5 23. Rac1 Nc3 24. Rxc3 Rxc3 25. Nc5 Rxf3 26. gxf3 Qxf3 27. Qb3 Qxf4 28. a4 Bxd4 0-1

[Event "Europe Echecs Blitz Nov op"]
[Site "Europe Echecs INT"]
[Date "2020.11.08"]
[Round "1"]
[White "Deac, Bogdan Daniel"]
[Black "Lauron, Wesley"]
[Result "1-0"]
[WhiteElo "2625"]
[BlackElo "1888"]
[PlyCount "145"]
[EventDate "2020.11.08"]
[EventType "swiss (blitz)"]
[EventRounds "11"]
[EventCountry "FRA"]
[SourceTitle "CBM 199 Extra"]
[Source "ChessBase"]
[SourceDate "2021.01.31"]
[SourceVersion "1"]
[SourceVersionDate "2021.01.31"]
[SourceQuality "1"]

1. b3 d5 2. Bb2 Nd7 3. Nf3 Ngf6 4. c4 e6 5. g3 c6 6. Bg2 b5 7. cxb5 cxb5 8. 0-0 Be7 9. d3 0-0 10. Nc3 Qb6 11. e4 dxe4 12. dxe4 Rd8 13. Qc2 Bb7 14. e5 Ng4 15. Ne4 Rac8 16. Qe2 b4 17. Bd4 Qa5 18. Ned2 Ba6 19. Nc4 Bxc4 20. bxc4 Nh6 21. Rfd1 Nf5 22. Bb2 Nc5 23. Rxd8+ Rxd8 24. Bh3 g6 25. Bxf5 exf5 26. Nd4 Qb6 27. Nb5 Ne4 28. Nd6 Bxd6 29. exd6 Qxd6 30. Qf3 Qd2 31. Be5 Rd3 32. Qf4 Qxf4 33. Bxf4 Rc3 34. Rd1 Rxc4 35. Bh6 Rc8 36. Rd7 Nf6 37. Rxa7 Ng4 38. Bf4 Kg7 39. h3 Nf6 40. Be5 Rc6 41. Rb7 Re6 42. f4 Kf8 43. Rb8+ Ke7 44. Rxb4 Ne4 45. Rb7+ Kd8 46. Rxf7 Nxg3 47. Ra7 Ne2+ 48. Kf2 Nc1 49. Ke3 Rc6 50. Kd2 Rc4 51. a4 Nb3+ 52. Kd3 Rc1 53. a5 Nc5+ 54. Kd4 Ne4 55. a6 Rd1+ 56. Kc4 Rc1+ 57. Kd5 Kc8 58. Ra8+ Kd7 59. a7 Rc5+ 60. Kd4 Ra5 61. Rh8 Ra4+ 62. Ke3 Ra3+ 63. Ke2 Ng3+ 64. Ke1 Rxa7 65. Rxh7+ Ke6 66. Rxa7 Kd5 67. Rg7 Ke4 68. Rxg6 Nh5 69. Rg5 Nxf4 70. Bxf4 Kxf4 71. h4 Ke4 72. Kf2 f4 73. h5 1-0

[Event "Europe Echecs Blitz Nov op"]
[Site "Europe Echecs INT"]
[Date "2020.11.08"]
[Round "6"]
[White "Lauron, Wesley"]
[Black "Domenech, Vianney"]
[Result "1-0"]
[WhiteElo "1888"]
[BlackElo "2265"]
[PlyCount "49"]
[EventDate "2020.11.08"]
[EventType "swiss (blitz)"]
[EventRounds "11"]
[EventCountry "FRA"]
[SourceTitle "CBM 199 Extra"]
[Source "ChessBase"]
[SourceDate "2021.01.31"]
[SourceVersion "1"]
[SourceVersionDate "2021.01.31"]
[SourceQuality "1"]

1. e4 Nc6 2. Nf3 d6 3. d4 Nf6 4. Nc3 g6 5. h3 Bg7 6. Be3 0-0 7. Qd2 e5 8. d5 Ne7 9. 0-0-0 a5 10. g4 Nd7 11. Bh6 Nc5 12. Be2 a4 13. Rdg1 Bd7 14. h4 f6 15. Be3 b5 16. Bxc5 dxc5 17. Nxb5 c6 18. dxc6 Bxc6 19. Bc4+ Kh8 20. Nd6 h6 21. g5 fxg5 22. hxg5 h5 23. Nh4 Kh7 24. Nxg6 Kxg6 25. Qd1 1-0

[Event "Europe Echecs Blitz Nov op"]
[Site "Europe Echecs INT"]
[Date "2020.11.08"]
[Round "11"]
[White "Lauron, Wesley"]
[Black "Gendre, Stephane"]
[Result "1-0"]
[WhiteElo "1888"]
[BlackElo "1919"]
[PlyCount "75"]
[EventDate "2020.11.08"]
[EventType "swiss (blitz)"]
[EventRounds "11"]
[EventCountry "FRA"]
[SourceTitle "CBM 199 Extra"]
[Source "ChessBase"]
[SourceDate "2021.01.31"]
[SourceVersion "1"]
[SourceVersionDate "2021.01.31"]
[SourceQuality "1"]

1. e4 d6 2. d4 Nf6 3. Nc3 g6 4. Be3 c6 5. f3 b5 6. Qd2 Nbd7 7. g4 Nb6 8. h4 h5 9. g5 Nfd7 10. d5 Ne5 11. dxc6 b4 12. Nd1 a5 13. Qd4 Na4 14. Bb5 Bg7 15. c7+ Qd7 16. Bxd7+ Bxd7 17. Qd2 Rc8 18. Bd4 0-0 19. Qe2 Rxc7 20. f4 Bg4 21. Qf2 Nd7 22. Bxg7 Kxg7 23. b3 Nac5 24. Qd4+ e5 25. fxe5 dxe5 26. Qe3 Rfc8 27. Nb2 Ne6 28. Nc4 Nd4 29. Rc1 Nc5 30. Nxe5 Be6 31. Qxd4 Nb7 32. Nd7+ Kg8 33. Nf6+ Kf8 34. Nf3 Rc6 35. Ne5 Rd6 36. Qe3 Rc3 37. Qf2 Nc5 38. 0-0 1-0

[Event "Europe Echecs Blitz Nov op"]
[Site "Europe Echecs INT"]
[Date "2020.11.08"]
[Round "5"]
[White "Suarez Uriel, Adrian"]
[Black "Lauron, Wesley"]
[Result "1-0"]
[WhiteElo "2360"]
[BlackElo "1888"]
[PlyCount "63"]
[EventDate "2020.11.08"]
[EventType "swiss (blitz)"]
[EventRounds "11"]
[EventCountry "FRA"]
[SourceTitle "CBM 199 Extra"]
[Source "ChessBase"]
[SourceDate "2021.01.31"]
[SourceVersion "1"]
[SourceVersionDate "2021.01.31"]
[SourceQuality "1"]

1. e4 e5 2. Nf3 Nc6 3. Bb5 a6 4. Ba4 Nf6 5. 0-0 b5 6. Bb3 Be7 7. d3 d6 8. Bd2 0-0 9. h3 Re8 10. Ng5 Rf8 11. f4 h6 12. Nf3 Be6 13. f5 Bxb3 14. axb3 Nb8 15. c4 Nbd7 16. Nc3 c6 17. Be3 Re8 18. Nh2 Nh7 19. Qh5 Ndf6 20. Qe2 Qd7 21. g4 d5 22. Bc1 d4 23. Nd1 Kh8 24. Nf2 Ng8 25. Nf3 Qd8 26. Nxe5 Rf8 27. Nxc6 Qd7 28. Nxe7 Qxe7 29. e5 Qh4 30. Bf4 Ng5 31. Kg2 h5 32. Bg3 1-0

[Event "FRA-ch Blitz Online Qual"]
[Site "Europe Echecs INT"]
[Date "2020.05.16"]
[Round "3"]
[White "Kirk, Ezra"]
[Black "Lauron, Wesley"]
[Result "1-0"]
[WhiteElo "2447"]
[BlackElo "1878"]
[PlyCount "67"]
[EventDate "2020.05.16"]
[EventType "swiss (blitz)"]
[EventRounds "15"]
[EventCountry "FRA"]
[SourceTitle "CBM 196 Extra"]
[Source "ChessBase"]
[SourceDate "2020.07.31"]
[SourceVersion "1"]
[SourceVersionDate "2020.07.31"]
[SourceQuality "1"]

1. e4 e5 2. Nf3 Nc6 3. Nc3 Nf6 4. Bb5 Bd6 5. a3 a6 6. Bc4 h6 7. d3 0-0 8. g4 Nh7 9. h4 b5 10. Ba2 Bc5 11. g5 d6 12. Bd5 Bd7 13. gxh6 g6 14. h5 Kh8 15. Be3 Bxe3 16. fxe3 Rb8 17. Qe2 Ne7 18. Qg2 c6 19. Bb3 Be6 20. Bxe6 fxe6 21. hxg6 Rxf3 22. g7+ Kg8 23. Qxf3 Ng6 24. 0-0-0 b4 25. Rdf1 Ng5 26. h7+ Kxg7 27. Qh5 bxc3 28. Qh6+ Kh8 29. Qxg6 Rxb2 30. Qg8+ Qxg8 31. hxg8Q+ Kxg8 32. Rhg1 Ra2 33. Rxg5+ Kh7 34. Rh1# 1-0

[Event "FRA-ch Blitz Online Qual"]
[Site "Europe Echecs INT"]
[Date "2020.05.16"]
[Round "2"]
[White "Lauron, Wesley"]
[Black "Gimenez, Adrien"]
[Result "1-0"]
[WhiteElo "1878"]
[BlackElo "1591"]
[PlyCount "81"]
[EventDate "2020.05.16"]
[EventType "swiss (blitz)"]
[EventRounds "15"]
[EventCountry "FRA"]
[SourceTitle "CBM 196 Extra"]
[Source "ChessBase"]
[SourceDate "2020.07.31"]
[SourceVersion "1"]
[SourceVersionDate "2020.07.31"]
[SourceQuality "1"]

1. e4 d6 2. d4 Nf6 3. Nc3 g6 4. Be3 Bg7 5. f3 Nbd7 6. Qd2 e5 7. d5 0-0 8. g4 Qe7 9. 0-0-0 a6 10. h4 b5 11. Bh6 b4 12. Nb1 a5 13. h5 Nb6 14. Bxg7 Kxg7 15. hxg6 fxg6 16. Qh6+ Kg8 17. Ne2 Ba6 18. Ng3 Bxf1 19. Rdxf1 Qg7 20. Qg5 Rf7 21. Rh6 Kf8 22. Rfh1 Nbd7 23. Nd2 Nc5 24. Ndf1 a4 25. Ne3 b3 26. a3 bxc2 27. Qh4 Nh5 28. Ngf5 Rxf5 29. Nxf5 gxf5 30. Qxh5 fxe4 31. Rxh7 Qf6 32. Rh8+ Ke7 33. Qh7+ Qf7 34. Qxf7+ Kxf7 35. Rxa8 exf3 36. Rc8 e4 37. Rxc7+ Kf6 38. Kxc2 e3 39. Rxc5 dxc5 40. Kd3 c4+ 41. Kxe3 1-0

[Event "FRA-ch Blitz Online Qual"]
[Site "Europe Echecs INT"]
[Date "2020.05.16"]
[Round "4"]
[White "Nguyen, Thao Nhi"]
[Black "Lauron, Wesley"]
[Result "0-1"]
[WhiteElo "1951"]
[BlackElo "1878"]
[PlyCount "72"]
[EventDate "2020.05.16"]
[EventType "swiss (blitz)"]
[EventRounds "15"]
[EventCountry "FRA"]
[SourceTitle "CBM 196 Extra"]
[Source "ChessBase"]
[SourceDate "2020.07.31"]
[SourceVersion "1"]
[SourceVersionDate "2020.07.31"]
[SourceQuality "1"]

1. e4 e5 2. Nf3 Nc6 3. Nc3 Nf6 4. d4 exd4 5. Nxd4 Bb4 6. Nxc6 bxc6 7. Bd3 d5 8. exd5 cxd5 9. 0-0 0-0 10. Bg5 c6 11. Ne2 h6 12. Bh4 Bd6 13. h3 Rb8 14. b3 Be5 15. Rb1 Qd6 16. c4 Be6 17. cxd5 cxd5 18. Bg3 Bxg3 19. Nxg3 Rfd8 20. Nf5 Bxf5 21. Bxf5 Ne4 22. Bxe4 dxe4 23. Qxd6 Rxd6 24. Rfe1 f5 25. Re2 Rbd8 26. Kh2 Kf7 27. Rc1 Kf6 28. Rc7 R8d7 29. Rc5 Rd2 30. Rc2 Rxe2 31. Rxe2 Ke5 32. Rc2 f4 33. g3 g5 34. gxf4+ gxf4 35. Kg2 f3+ 36. Kf1 Rd1# 0-1

[Event "FRA-ch Blitz Online Qual"]
[Site "Europe Echecs INT"]
[Date "2020.05.16"]
[Round "9"]
[White "Revel, Adrien"]
[Black "Lauron, Wesley"]
[Result "0-1"]
[WhiteElo "1859"]
[BlackElo "1878"]
[PlyCount "48"]
[EventDate "2020.05.16"]
[EventType "swiss (blitz)"]
[EventRounds "15"]
[EventCountry "FRA"]
[SourceTitle "CBM 196 Extra"]
[Source "ChessBase"]
[SourceDate "2020.07.31"]
[SourceVersion "1"]
[SourceVersionDate "2020.07.31"]
[SourceQuality "1"]

1. e4 e5 2. Nf3 Nc6 3. Bc4 Bc5 4. c3 Nf6 5. d3 d6 6. 0-0 a6 7. a4 Ba7 8. Nbd2 0-0 9. h3 Ne7 10. Re1 Ng6 11. Nf1 c6 12. Ng3 d5 13. exd5 cxd5 14. Ba2 Re8 15. Bg5 h6 16. Bxf6 Qxf6 17. Bxd5 Nf4 18. Bc4 Qg6 19. d4 e4 20. Ne5 Rxe5 21. dxe5 Qxg3 22. Qd8+ Kh7 23. Bf1 Bxf2+ 24. Kh1 Bxh3 0-1

[Event "FRA-ch Blitz Online Qual"]
[Site "Europe Echecs INT"]
[Date "2020.05.16"]
[Round "12"]
[White "Shchekachev, Andrei"]
[Black "Lauron, Wesley"]
[Result "1-0"]
[WhiteElo "2533"]
[BlackElo "1878"]
[PlyCount "73"]
[EventDate "2020.05.16"]
[EventType "swiss (blitz)"]
[EventRounds "15"]
[EventCountry "FRA"]
[SourceTitle "CBM 196 Extra"]
[Source "ChessBase"]
[SourceDate "2020.07.31"]
[SourceVersion "1"]
[SourceVersionDate "2020.07.31"]
[SourceQuality "1"]

1. e3 d5 2. Nf3 Nf6 3. c4 e6 4. b3 Be7 5. Bb2 0-0 6. g3 Nbd7 7. Bg2 b6 8. 0-0 Bb7 9. Qe2 c5 10. Nc3 Rc8 11. d3 Re8 12. Rad1 Qc7 13. Nh4 dxc4 14. bxc4 Bxg2 15. Nxg2 Ne5 16. f4 Nc6 17. g4 Red8 18. a3 Rd7 19. f5 e5 20. g5 Ne8 21. Nd5 Qd6 22. Qg4 Nc7 23. f6 Bf8 24. fxg7 Bxg7 25. e4 Nxd5 26. cxd5 Nd4 27. Nh4 Rcc7 28. Bxd4 cxd4 29. Nf5 Qxa3 30. h4 a5 31. h5 Qf8 32. g6 Kh8 33. Rd2 fxg6 34. hxg6 Qe8 35. Rh2 Kg8 36. Rxh7 Bf8 37. Qh5 1-0

[Event "FRA-ch Blitz Online Qual"]
[Site "Europe Echecs INT"]
[Date "2020.05.16"]
[Round "10"]
[White "Vlachos, Anatole"]
[Black "Lauron, Wesley"]
[Result "1-0"]
[WhiteElo "2401"]
[BlackElo "1878"]
[PlyCount "101"]
[EventDate "2020.05.16"]
[EventType "swiss (blitz)"]
[EventRounds "15"]
[EventCountry "FRA"]
[SourceTitle "CBM 196 Extra"]
[Source "ChessBase"]
[SourceDate "2020.07.31"]
[SourceVersion "1"]
[SourceVersionDate "2020.07.31"]
[SourceQuality "1"]

1. f4 d5 2. Nf3 Nf6 3. g3 g6 4. Bg2 Bg7 5. 0-0 c5 6. d3 Nc6 7. Qe1 0-0 8. e4 e6 9. Na3 dxe4 10. dxe4 Nd4 11. c3 Nxf3+ 12. Bxf3 b6 13. e5 Nd5 14. c4 Nc7 15. Nb5 Rb8 16. Nxa7 Bb7 17. Nc6 Bxc6 18. Bxc6 Qd4+ 19. Be3 Qxc4 20. b3 Qa6 21. Be4 Rfd8 22. Rf2 Nd5 23. Bd2 Rd7 24. Qe2 Qxe2 25. Rxe2 Rbd8 26. Be1 Bf8 27. Kg2 b5 28. Rc1 b4 29. Kf3 Be7 30. h4 h5 31. Rec2 Kg7 32. Rd1 Bf8 33. Rcd2 Be7 34. Bf2 Kf8 35. Rd3 Ke8 36. R1d2 Nc3 37. Bc6 Nd5 38. Rxd5 exd5 39. Rxd5 Bf8 40. Ke4 Ke7 41. Bxc5+ Ke6 42. Bxd7+ Rxd7 43. Rxd7 Bxc5 44. Rc7 Bf2 45. Rc6+ Ke7 46. Kf3 Be1 47. Ra6 Bc3 48. a3 bxa3 49. Rxa3 Ke6 50. Ra6+ Kd5 51. Rf6 1-0

[Event "Agneaux St Lo op 20th"]
[Site "Agneaux"]
[Date "2018.07.10"]
[Round "5"]
[White "Lauron, Wesley"]
[Black "Viel, Simon"]
[Result "0-1"]
[WhiteElo "1939"]
[BlackElo "2316"]
[PlyCount "76"]
[EventDate "2018.07.07"]
[EventType "swiss"]
[EventRounds "9"]
[EventCountry "FRA"]
[SourceTitle "CBM 185 Extra"]
[Source "ChessBase"]
[SourceDate "2018.07.29"]
[SourceVersion "1"]
[SourceVersionDate "2018.07.29"]
[SourceQuality "1"]

1. e4 e6 2. d4 d5 3. Nd2 c5 4. Ngf3 cxd4 5. Nxd4 Nc6 6. Bb5 Bd7 7. c3 Nxd4 8. Bxd7+ Qxd7 9. cxd4 dxe4 10. Nxe4 Bb4+ 11. Nc3 Ne7 12. 0-0 0-0 13. Ne2 Ba5 14. Bd2 Bb6 15. Bc3 Rfd8 16. Qb3 Nf5 17. Rfd1 Qc6 18. g3 Rd5 19. Rd2 Nd6 20. Nf4 Rb5 21. Qd1 Ne4 22. a4 Rf5 23. Rc2 Rc8 24. h4 h6 25. Ng2 Qd6 26. Qd3 Nxc3 27. bxc3 Qc6 28. Ne3 Ra5 29. d5 exd5 30. Nf5 Bd8 31. c4 Rxa4 32. Rxa4 Qxa4 33. c5 Qb4 34. Re2 Bf6 35. Qxd5 Qxc5 36. Re8+ Kh7 37. Qxf7 Rxe8 38. Nxg7 Re7 0-1

[Event "Rochefort op-A17th"]
[Site "Rochefort"]
[Date "2018.02.17"]
[Round "1.10"]
[White "Gabrielian, Artur"]
[Black "Lauron, Wesley"]
[Result "1-0"]
[WhiteElo "2502"]
[BlackElo "2067"]
[PlyCount "45"]
[EventDate "2018.02.17"]
[EventType "swiss"]
[EventRounds "9"]
[EventCountry "FRA"]
[SourceTitle "EXT 2019"]
[Source "ChessBase"]
[SourceDate "2018.10.10"]
[SourceVersion "1"]
[SourceVersionDate "2018.10.10"]
[SourceQuality "1"]

1. Nf3 Nf6 2. g3 e6 3. Bg2 d5 4. 0-0 Be7 5. d4 0-0 6. c4 dxc4 7. Na3 c5 8. dxc5 Nc6 9. Nxc4 Bxc5 10. a3 a5 11. Qc2 Qe7 12. Bf4 h6 13. Rac1 Nd5 14. Bd2 a4 15. e4 Nc7 16. Rfd1 Nb5 17. Be3 Bxe3 18. Nxe3 Nc7 19. Nc4 Ra6 20. Bf1 b5 21. Nce5 Nxe5 22. Nxe5 Ne8 23. Qxc8 1-0

[Event "Bordeaux op Febr 1st"]
[Site "Bordeaux"]
[Date "2018.02.11"]
[Round "3"]
[White "Leriche, Ines"]
[Black "Lauron, Wesley"]
[Result "0-1"]
[WhiteElo "1929"]
[BlackElo "2067"]
[PlyCount "68"]
[EventDate "2018.02.10"]
[EventType "swiss"]
[EventRounds "7"]
[EventCountry "FRA"]
[SourceTitle "CBM 183 Extra"]
[Source "ChessBase"]
[SourceDate "2018.04.19"]
[SourceVersion "1"]
[SourceVersionDate "2018.04.19"]
[SourceQuality "1"]

1. d4 Nf6 2. c4 e6 3. Nc3 d5 4. cxd5 exd5 5. Bg5 Bb4 6. e3 h6 7. Bh4 0-0 8. Bd3 c5 9. Nge2 c4 10. Bb1 Be6 11. 0-0 Be7 12. b3 cxb3 13. Qxb3 Qd7 14. Nf4 Nc6 15. Nxe6 fxe6 16. Qc2 Rac8 17. Bxf6 Rxf6 18. Qh7+ Kf7 19. Ne2 Bd6 20. h4 e5 21. Ng3 e4 22. Nh5 Qg4 23. Nxf6 Qxh4 24. Ng4 Qxg4 25. f3 Qh4 26. fxe4+ Ke6 27. exd5+ Kxd5 28. Qf5+ Kc4 29. Rc1+ Kb4 30. a3+ Kb3 31. Qd3+ Ka4 32. Rc4+ Ka5 33. Qf5+ Kb6 34. Kf1 Rf8 0-1

[Event "Bordeaux Winter op 6th"]
[Site "Bordeaux"]
[Date "2018.01.07"]
[Round "7"]
[White "Mezouaghi, Miloud"]
[Black "Lauron, Wesley"]
[Result "0-1"]
[WhiteElo "2084"]
[BlackElo "2046"]
[PlyCount "73"]
[EventDate "2018.01.05"]
[EventType "swiss"]
[EventRounds "7"]
[EventCountry "FRA"]
[SourceTitle "EXT 2019"]
[Source "ChessBase"]
[SourceDate "2018.10.10"]
[SourceVersion "1"]
[SourceVersionDate "2018.10.10"]
[SourceQuality "1"]

1. e4 e5 2. Nf3 Nc6 3. Bc4 Bc5 4. d3 d6 5. c3 Nf6 6. Nbd2 a6 7. Bb3 Ba7 8. h3 Ne7 9. Nf1 Ng6 10. Ng3 0-0 11. 0-0 Re8 12. Re1 d5 13. Bg5 h6 14. Bxf6 Qxf6 15. Nh5 Qb6 16. Qc2 dxe4 17. dxe4 Qc5 18. Rad1 Qe7 19. Qe2 Bd7 20. Kh2 Bb5 21. Bc4 Bxc4 22. Qxc4 Bxf2 23. Rf1 Bb6 24. Ng3 Qe6 25. Qa4 Rad8 26. Nf5 Ne7 27. Rxd8 Rxd8 28. Qb3 Nxf5 29. Qxe6 fxe6 30. exf5 e4 31. Ne5 exf5 32. Rxf5 e3 33. Rf1 Re8 34. Nd3 Rd8 35. Ne5 e2 36. Re1 Rd2 37. Nf3 0-1

[Event "Rochefort op-B 16th"]
[Site "Rochefort"]
[Date "2017.02.18"]
[Round "4"]
[White "Lauron, Wesley"]
[Black "Baron, Daniel"]
[Result "1-0"]
[WhiteElo "1796"]
[BlackElo "1975"]
[PlyCount "49"]
[EventDate "2017.02.18"]
[EventType "swiss"]
[EventRounds "9"]
[EventCountry "FRA"]
[SourceTitle "CBM 177 Extra"]
[Source "ChessBase"]
[SourceDate "2017.04.27"]
[SourceVersion "1"]
[SourceVersionDate "2017.04.27"]
[SourceQuality "1"]

1. Nf3 d5 2. d4 Nf6 3. g3 Bf5 4. Bg2 e6 5. c4 c6 6. Nc3 Nbd7 7. cxd5 cxd5 8. Bf4 Be7 9. 0-0 0-0 10. Nh4 Bg4 11. h3 Bh5 12. Nf3 h6 13. Rc1 a6 14. Ne5 Nxe5 15. dxe5 Nd7 16. g4 Bg6 17. e4 dxe4 18. Nxe4 Rc8 19. Nd6 Rxc1 20. Qxc1 Bxd6 21. exd6 b6 22. Qc7 f5 23. Bc6 Nc5 24. Be5 fxg4 25. Qxg7# 1-0

[Event "Rochefort op-B 16th"]
[Site "Rochefort"]
[Date "2017.02.18"]
[Round "9"]
[White "Lauron, Wesley"]
[Black "Fernandez, Leon"]
[Result "0-1"]
[WhiteElo "1796"]
[BlackElo "1840"]
[PlyCount "90"]
[EventDate "2017.02.18"]
[EventType "swiss"]
[EventRounds "9"]
[EventCountry "FRA"]
[SourceTitle "CBM 177 Extra"]
[Source "ChessBase"]
[SourceDate "2017.04.27"]
[SourceVersion "1"]
[SourceVersionDate "2017.04.27"]
[SourceQuality "1"]

1. e4 e6 2. d4 d5 3. Nd2 Nf6 4. e5 Nfd7 5. Bd3 c5 6. c3 Nc6 7. Ne2 cxd4 8. cxd4 f6 9. exf6 Nxf6 10. Nf3 Bd6 11. a3 Qc7 12. 0-0 0-0 13. Ng3 Bd7 14. b4 e5 15. dxe5 Nxe5 16. Nxe5 Bxe5 17. Rb1 Rad8 18. Bb2 d4 19. Rc1 Qd6 20. Qb3+ Be6 21. Qa4 a6 22. Qd1 Nd5 23. Ne4 Qb8 24. Ng5 Bf5 25. g3 Qd6 26. Nf3 Bg4 27. Bxh7+ Kh8 28. Be4 Qf6 29. Kg2 Nc3 30. Bxc3 dxc3 31. Qe2 Rd2 32. Qe3 Bxf3+ 33. Qxf3 Qxf3+ 34. Bxf3 Bd4 35. Rcd1 b6 36. h4 Rc8 37. Bb7 Rc7 38. Bf3 Rxd1 39. Rxd1 c2 40. Rxd4 c1Q 41. Rd8+ Kh7 42. Be4+ g6 43. h5 Qxa3 44. hxg6+ Kg7 45. Rd5 Qxb4 0-1

[Event "Rochefort op-B 16th"]
[Site "Rochefort"]
[Date "2017.02.18"]
[Round "6"]
[White "Lauron, Wesley"]
[Black "Grandmougin, Olivier"]
[Result "1-0"]
[WhiteElo "1796"]
[BlackElo "1842"]
[PlyCount "101"]
[EventDate "2017.02.18"]
[EventType "swiss"]
[EventRounds "9"]
[EventCountry "FRA"]
[SourceTitle "CBM 177 Extra"]
[Source "ChessBase"]
[SourceDate "2017.04.27"]
[SourceVersion "1"]
[SourceVersionDate "2017.04.27"]
[SourceQuality "1"]

1. e4 e6 2. d4 d5 3. Nd2 c5 4. Ngf3 Nc6 5. c3 cxd4 6. cxd4 Nf6 7. e5 Nd7 8. Bd3 Be7 9. 0-0 0-0 10. a3 a5 11. b3 f6 12. exf6 Bxf6 13. Bb2 Qb6 14. Nb1 Qd8 15. Re1 Re8 16. Ne5 Bxe5 17. dxe5 Qh4 18. Nd2 Rf8 19. Nf3 Qh5 20. Rc1 Nb6 21. Qe2 Bd7 22. Nd4 Qxe2 23. Rxe2 Nc8 24. Nb5 N8e7 25. Nd6 Rab8 26. a4 Be8 27. Ba3 Nd4 28. Rb2 Nec6 29. Re1 Bg6 30. Bxg6 hxg6 31. f3 Rf4 32. Kf2 b5 33. axb5 Nxb5 34. Bc5 Nb4 35. Kg3 Nd3 36. Re3 Rxf3+ 37. Rxf3 Nxb2 38. Nxb5 Rxb5 39. Bd4 Nd1 40. Rd3 a4 41. Rxd1 Rxb3+ 42. Kg4 a3 43. Rd2 Rb4 44. Kg5 a2 45. Ba1 Ra4 46. Rd4 Ra3 47. Kxg6 Kf8 48. Rf4+ Ke8 49. Kxg7 Rd3 50. Rf1 Rd2 51. Rg1 1-0

[Event "Rochefort op-B 16th"]
[Site "Rochefort"]
[Date "2017.02.18"]
[Round "5"]
[White "Pascal, Jonathan"]
[Black "Lauron, Wesley"]
[Result "0-1"]
[WhiteElo "1783"]
[BlackElo "1796"]
[PlyCount "102"]
[EventDate "2017.02.18"]
[EventType "swiss"]
[EventRounds "9"]
[EventCountry "FRA"]
[SourceTitle "CBM 177 Extra"]
[Source "ChessBase"]
[SourceDate "2017.04.27"]
[SourceVersion "1"]
[SourceVersionDate "2017.04.27"]
[SourceQuality "1"]

1. e4 e5 2. Nf3 Nc6 3. Bc4 Bc5 4. 0-0 Nf6 5. d3 d6 6. c3 0-0 7. h3 h6 8. Nbd2 a6 9. Bb3 b5 10. Re1 Bb7 11. Nf1 Ne7 12. Ng3 Bb6 13. Nh4 Bc8 14. Qf3 Ne8 15. Nhf5 Nxf5 16. exf5 Rb8 17. Nh5 Nf6 18. Nxf6+ Qxf6 19. g4 Qh4 20. Be3 Bb7 21. Qg3 Qxg3+ 22. fxg3 Bxe3+ 23. Rxe3 Rfe8 24. Rae1 Kf8 25. h4 f6 26. Be6 Bc8 27. Bxc8 Rbxc8 28. Kf2 d5 29. g5 Kf7 30. g6+ Ke7 31. g4 c5 32. g5 h5 33. gxf6+ Kxf6 34. Rg1 c4 35. Rg5 d4 36. Rf3 e4 37. dxe4 Rxe4 38. cxd4 Rxh4 39. Rg2 Rxd4 40. Kg3 Rg4+ 41. Kf2 Rxg2+ 42. Kxg2 Re8 43. Ra3 Kxf5 44. Rxa6 Re2+ 45. Kf3 Rxb2 46. Ke3 h4 47. Kd4 h3 48. Ra8 Rh2 49. Rh8 Kxg6 50. a4 bxa4 51. Kxc4 a3 0-1